Convex sets

Αποθηκεύτηκε σε:
Λεπτομέρειες βιβλιογραφικής εγγραφής
Κύριος συγγραφέας: Valentine, Frederick A., (Frederick Albert), 1911-
Μορφή: Βιβλίο
Γλώσσα:English
Δημοσίευση: New York : McGraw-Hill, c1964.
Σειρά:McGraw-Hill series in higher mathematics
Θέματα:
Ετικέτες: Προσθήκη ετικέτας
Δεν υπάρχουν, Καταχωρήστε ετικέτα πρώτοι!

MARC

LEADER 00000nam a2200000 a 4500
001 1/126151
008 230214t1964 nyu| ||| |||| ||eng||
040 |a GR-MyUa  |b gre  |c GR-MyUa  |e AACR2 
041 0 |a eng 
082 7 |a 516.08   |2 (23) 
100 1 |a Valentine, Frederick A.,   |q (Frederick Albert),   |d 1911- 
245 1 0 |a Convex sets /   |c [by] Frederick A. Valentine.  
260 |a New York :   |b McGraw-Hill,   |c c1964.  
300 |a ix, 238 σ. :   |b εικ. ;   |c 24 εκ.  
490 1 |a (McGraw-Hill series in higher mathematics) 
504 |a Περιέχει βιβλιογραφικές αναφορές και ευρετήριο.  
650 0 |a Convex sets. 
830 0 |a McGraw-Hill series in higher mathematics 
970 |a Γουβάλα  |b Βάσω  |z 14-02-2023